| 000 | 00645nam a2200253Ia 4500 | ||
|---|---|---|---|
| 005 | 20250425162139.0 | ||
| 008 | 250425s9999 xx 000 0 und d | ||
| 020 | _a8428319685 | ||
| 041 | _aspa | ||
| 082 | _a621.8 | ||
| 100 | _aLARBURU ARRIZABALAGA, NICOLAS | ||
| 245 | 0 | _aMAQUINAS PRONTUARIO: TECNICAS, MAQUINAS HERRAMIENTAS | |
| 250 | _a13A ED. | ||
| 260 |
_aEspaƱa _bPARANINFO : THOMSON _c2002 |
||
| 260 | _aMADRID | ||
| 300 | _a626 | ||
| 650 | _aMAQUINADO | ||
| 650 | _aMAQUINARIA | ||
| 650 | _aMAQUINAS HERRAMIENTAS | ||
| 650 | _aTABLAS MATEMATICAS | ||
| 650 | _aTALLERES MECANICOS | ||
| 942 | _c01 | ||
| 010 | _a52920 | ||
| 999 |
_c223273 _d223273 |
||